[Event "Xtracon Chess Open 2017"]
[Site "Helsingor DEN"]
[Date "2017.07.30"]
[Round "10.124"]
[White "Strachan, Christian C."]
[Black "Nielsen, Palle"]
[Result "1-0"]
[WhiteElo "1938"]
[BlackElo "1715"]
[WhiteFideId "1417215"]
[BlackFideId "1408526"]
[EventDate "2017.07.22"]

1. e4 e5 2. Nf3 Nc6 3. Bc4 Nf6 4. d3 Bc5 5. c3 O-O 6. O-O d6 7. Be3 Bb6 8. h3
Bd7 9. Bb3 Ne7 10. Nbd2 c5 11. Qe2 Ng6 12. Rad1 Qc8 13. Rfe1 Nh5 14. Nc4 Nhf4
15. Qd2 Bc7 16. Bxf4 Nxf4 17. Ne3 Bd8 18. Nd5 Ng6 19. Kh2 Kh8 20. d4 c4 21. Bc2
Be6 22. dxe5 dxe5 23. b3 b5 24. Ng1 h6 25. Qe2 Bg5 26. bxc4 bxc4 27. g3 Rb8 28.
Rb1 Qc5 29. Nb4 Rfd8 30. Na6 Qf8 31. Nxb8 Rxb8 32. Rxb8 Qxb8 33. Rb1 Qc7 34. Nf3
Be7 35. Qd2 Bc5 36. Bd1 Kh7 37. Qc2 Qc8 38. Ng1 f5 39. Bf3 f4 40. Qb2 Bb6 41. h4
Qc5 42. Kg2 fxg3 43. fxg3 Qe3 44. Rd1 Qc5 45. Qe2 Qa3 46. Qd2 Nf8 47. Nh3 Ba5
48. Rc1 Nd7 49. Nf2 Nc5 50. g4 Na4 51. Nd1 Qe7 52. Kg3 Nc5 53. Ne3 Nd3 54. Rh1
g6 55. h5 g5 56. Nf5 Bxf5 57. gxf5 Bb6 58. Be2 Nf2 59. Bf3 Nxh1+ 60. Bxh1 Kg7
61. Qd5 Qc7 62. Qe6 Qc5 63. Qg6+ Kf8 64. Qxh6+ Ke8 65. Qxg5 Qg1+ 66. Bg2 Qf2+
67. Kh3 Bd8 68. Qg3 Qd2 69. Qxe5+ Kd7 70. Qd5+ 1-0

[Event "Xtracon Chess Open 2017"]
[Site "Helsingor DEN"]
[Date "2017.07.30"]
[Round "10.125"]
[White "Kreken, Eivind Grunt"]
[Black "Kyrkjebo, Hanna B."]
[Result "1/2-1/2"]
[WhiteElo "1412"]
[BlackElo "1923"]
[WhiteFideId "1532359"]
[BlackFideId "1511599"]
[EventDate "2017.07.22"]

1. e4 e5 2. f4 d5 3. exd5 exf4 4. Nf3 Nf6 5. Bc4 Nxd5 6. d4 Be7 7. O-O O-O 8.
Bxd5 Qxd5 9. Bxf4 Qd8 10. c4 Bg4 11. h3 Bh5 12. g4 Bg6 13. Ne5 Nd7 14. Nxg6 hxg6
15. Nc3 Nb6 16. c5 Nd5 17. Nxd5 Qxd5 18. Bxc7 Bxc5 19. Bg3 Bxd4+ 20. Bf2 Rad8
21. Bxd4 Qxd4+ 22. Qxd4 Rxd4 23. Rad1 Rfd8 24. Rxd4 Rxd4 25. Rf2 Rd3 26. Kg2 f6
27. Rc2 Kh7 28. h4 f5 29. g5 Rd4 30. Kg3 Rg4+ 31. Kh3 Re4 32. Kg3 Re3+ 33. Kg2
Kg8 34. Rc8+ Kf7 35. Rc7+ Re7 36. Rc2 Ke6 37. Re2+ Kd6 38. Rd2+ Kc5 39. Kf3 b6
40. Rd3 Re4 41. Kg3 Rd4 42. Rc3+ Kd5 43. Rc7 Ke4 44. Re7+ Kd3 45. Rxg7 Rd6 46.
Rc7 1/2-1/2

[Event "Xtracon Chess Open 2017"]
[Site "Helsingor DEN"]
[Date "2017.07.30"]
[Round "10.126"]
[White "Kolvig, Bent"]
[Black "Skjolingstad, Sverre"]
[Result "1/2-1/2"]
[WhiteElo "2230"]
[BlackElo "1644"]
[WhiteFideId "1400746"]
[BlackFideId "1519913"]
[EventDate "2017.07.22"]

1. d4 Nf6 2. Nf3 c5 3. c4 g6 4. Nc3 a6 5. e4 Bg7 6. Be2 b5 7. cxb5 axb5 8. Bxb5
Ba6 9. Bxa6 Nxa6 10. O-O O-O 11. Re1 d6 12. h3 Nd7 13. Be3 Nb4 14. Qd2 Nb6 15.
b3 Qc8 16. a3 cxd4 17. Bxd4 Bxd4 18. Nxd4 Nc6 19. Rec1 Na5 20. Nd5 Qd8 21. Nc6
Nxc6 22. Rxc6 Nxd5 23. Qxd5 Ra5 24. Qc4 Qb8 25. a4 Rd8 26. Rc1 Rc5 27. Rxc5 dxc5
28. Qxc5 Qxb3 29. Qxe7 Rd1+ 30. Rxd1 Qxd1+ 31. Kh2 Qxa4 32. g3 Qd4 33. Kg2 Kg7
34. h4 h5 35. Kg1 Qa1+ 36. Kh2 Qd4 37. Kg2 Kg8 38. e5 Qe4+ 39. Kh2 Qd5 40. Qf6
Qd4 41. Qf4 Qc5 42. Qf6 1/2-1/2

[Event "Xtracon Chess Open 2017"]
[Site "Helsingor DEN"]
[Date "2017.07.30"]
[Round "10.127"]
[White "Celander, Jesper"]
[Black "Naesborg, Jens-Ole"]
[Result "1/2-1/2"]
[WhiteElo "2127"]
[BlackElo "1808"]
[WhiteFideId "1705342"]
[BlackFideId "1443577"]
[EventDate "2017.07.22"]

1. d4 f5 2. h3 Nf6 3. g4 d6 4. Qd3 g6 5. Nc3 d5 6. Bf4 Bg7 7. gxf5 Nh5 8. Be5
Bxe5 9. dxe5 Bxf5 10. Qb5+ Bd7 11. Qxd5 e6 12. Qd2 Nc6 13. Nf3 Qe7 14. O-O-O
O-O-O 15. Qe3 Kb8 16. Rg1 Rhf8 17. Rg4 Ng7 18. Bg2 Nf5 19. Qe4 Bc8 1/2-1/2

[Event "Xtracon Chess Open 2017"]
[Site "Helsingor DEN"]
[Date "2017.07.30"]
[Round "10.128"]
[White "Jacobsen, Fredrik Beer"]
[Black "Rendlev, Niels Moller"]
[Result "1-0"]
[WhiteElo "2081"]
[BlackElo "1756"]
[WhiteFideId "1507044"]
[BlackFideId "1409042"]
[EventDate "2017.07.22"]

1. e4 e6 2. d3 d5 3. Nc3 dxe4 4. Nxe4 Nf6 5. Nc3 c5 6. g3 Bd7 7. Bg2 Bc6 8. Nf3
Be7 9. O-O O-O 10. Re1 a6 11. a4 Nbd7 12. a5 Qc7 13. Qe2 Rfe8 14. h3 Nd5 15. Ne4
N7f6 16. Nfg5 Bf8 17. Bd2 Rad8 18. Rad1 h6 19. Nxf6+ Nxf6 20. Nf3 Nd5 21. Ne5
Nb4 22. Bxb4 Bxg2 23. Kxg2 cxb4 24. Nc4 Rc8 25. Qg4 Qc6+ 26. Kh2 f6 27. b3 e5
28. Re4 Rcd8 29. Rde1 Qb5 30. Qg6 Qd7 31. f4 Re6 32. fxe5 fxe5 33. Qg4 Qf7 34.
Nxe5 Qf2+ 35. Kh1 Rf6 36. R4e2 Qc5 37. Qc4+ Qd5+ 38. Qxd5+ Rxd5 39. Nc4 Rdf5 40.
d4 Rf3 41. Re3 Rf2 42. R3e2 Rf1+ 43. Kg2 g5 44. Re6 Kg7 45. Rxf6 Rxf6 46. Re2
Bd6 47. d5 h5 48. Nxd6 Rxd6 49. Kf3 Kf6 50. Ke4 Rd8 51. Rf2+ Kg6 52. Ke5 1-0

[Event "Xtracon Chess Open 2017"]
[Site "Helsingor DEN"]
[Date "2017.07.30"]
[Round "10.129"]
[White "Satre, Roger"]
[Black "Pallesen, Jacob"]
[Result "0-1"]
[WhiteElo "1832"]
[BlackElo "2054"]
[WhiteFideId "1510320"]
[BlackFideId "1404881"]
[EventDate "2017.07.22"]

1. e4 c5 2. Nc3 Nc6 3. g3 d6 4. Bg2 Nf6 5. d3 g6 6. h3 Bg7 7. Be3 Rb8 8. f4 Qc7
9. Nf3 b5 10. g4 b4 11. Ne2 Nd7 12. Qc1 Nb6 13. f5 gxf5 14. exf5 h5 15. O-O hxg4
16. hxg4 Nd5 17. Bf2 Bb7 18. Ng3 Ne5 19. Nh2 Rxh2 20. Kxh2 Nxg4+ 21. Kg1 Bh6 22.
Qe1 Nde3 23. Bxe3 Bxe3+ 24. Kh1 Kd7 25. Nh5 Bxg2+ 26. Kxg2 Qc6+ 27. Rf3 Rg8 28.
Ng3 Rh8 29. Nf1 Bd4 30. Qe4 Qxe4 31. dxe4 Bxb2 32. Re1 f6 33. Rg3 Ne5 34. Ne3
Rh7 35. Nd5 Bd4 36. Rh1 Rxh1 37. Kxh1 Nc6 38. Rg7 c4 39. Kg2 a5 40. Kf1 a4 41.
Ke2 b3 42. cxb3 cxb3 43. axb3 a3 44. Ne3 a2 45. Rg1 Nb4 46. Kd2 a1=Q 0-1

[Event "Xtracon Chess Open 2017"]
[Site "Helsingor DEN"]
[Date "2017.07.30"]
[Round "10.130"]
[White "Schrodt, Sebastian"]
[Black "Nettelbeck, Jann"]
[Result "1-0"]
[WhiteElo "2007"]
[BlackElo "1790"]
[WhiteFideId "24675563"]
[BlackFideId "12975672"]
[EventDate "2017.07.22"]

1. Nf3 g6 2. c4 Bg7 3. g3 e5 4. d3 Ne7 5. Qc2 d6 6. Bg2 Nbc6 7. O-O O-O 8. Nbd2
f5 9. Rb1 a5 10. a3 h6 11. b4 axb4 12. axb4 Ra7 13. b5 Nd4 14. Nxd4 exd4 15. b6
cxb6 16. Qb3 Kh7 17. Qxb6 Qxb6 18. Rxb6 Rd8 19. Bb2 d5 20. Ra1 Ra6 21. Raxa6
bxa6 22. Ba3 Rf8 23. cxd5 Ng8 24. Bf3 Nf6 25. Bb2 Nd7 26. Re6 Rd8 27. Re7 Kg8
28. Nc4 Bf6 29. d6 Kf8 30. Ba3 Re8 31. Rxe8+ Kxe8 32. Bc6 Kf7 33. Bd5+ Ke8 34.
f4 Kf8 35. Ne5 Kg7 36. Bc6 Bxe5 37. Bxd7 Bxd6 38. Bxd6 Bxd7 39. Be5+ Kf7 40.
Bxd4 Ke6 41. Kg2 Kd5 42. Bg7 h5 43. Bc3 Bb5 44. Kh3 Kc6 45. Kh4 Kb6 46. Kg5 Be8
47. Kf6 a5 48. Ke7 Ba4 49. Kf7 Bd1 50. Kxg6 Bxe2 51. Kxf5 Bxd3+ 52. Kg5 Be2 53.
Bxa5+ Kxa5 54. f5 Kb6 55. f6 Bc4 56. Kxh5 Bf7+ 57. Kh6 1-0

[Event "Xtracon Chess Open 2017"]
[Site "Helsingor DEN"]
[Date "2017.07.30"]
[Round "10.132"]
[White "Overmark, Ole"]
[Black "Huse, Sigurd Kjelsbol"]
[Result "0-1"]
[WhiteElo "1767"]
[BlackElo "1944"]
[WhiteFideId "1410776"]
[BlackFideId "1520717"]
[EventDate "2017.07.22"]

1. c4 e5 2. Nc3 Nc6 3. g3 a6 4. Bg2 Bc5 5. e3 d6 6. Nge2 Nge7 7. O-O O-O 8. a3
Ba7 9. b4 f5 10. Bb2 Ng6 11. Nd5 Be6 12. d4 Kh8 13. Rc1 Bxd5 14. cxd5 Nce7 15.
dxe5 dxe5 16. Qb3 Qd6 17. Qc3 Nxd5 18. Bxd5 Qxd5 19. Rfd1 Qf3 20. Nf4 Nxf4 21.
gxf4 Rf6 22. Qxc7 h5 23. Bxe5 Bxe3 24. Rd8+ Kh7 25. Rc2 Rg6+ 26. Kf1 Rg2 27.
Rdd2 Rg8 28. Re2 Rxh2 0-1

[Event "Xtracon Chess Open 2017"]
[Site "Helsingor DEN"]
[Date "2017.07.30"]
[Round "10.133"]
[White "Skovgaard, Emil"]
[Black "Bering, Anders"]
[Result "0-1"]
[WhiteElo "1764"]
[BlackElo "1940"]
[WhiteFideId "1450972"]
[BlackFideId "1405810"]
[EventDate "2017.07.22"]

1. d4 Nf6 2. c4 e6 3. Nc3 Bb4 4. e3 c5 5. Bd3 Nc6 6. Nf3 d6 7. O-O Bxc3 8. bxc3
e5 9. Bc2 O-O 10. e4 Qe7 11. d5 Na5 12. Nd2 b6 13. Qe2 Ba6 14. Bd3 g6 15. Nb3
Nh5 16. g3 Nxb3 17. axb3 Bc8 18. Qf3 Bh3 19. Re1 f5 20. exf5 Bxf5 21. Bxf5 Rxf5
22. Qd3 Qf7 23. Ra2 Rf8 24. Qe2 a5 25. Bh6 Ng7 26. h4 Rf3 27. Rc1 Qf5 28. Qf1
Rf7 29. Qg2 Qg4 30. Bxg7 Kxg7 31. Kh2 g5 32. hxg5 Qxg5 33. Rcc2 Qg4 34. Qh3
Qxh3+ 35. Kxh3 Rd3 36. b4 axb4 37. cxb4 cxb4 0-1

[Event "Xtracon Chess Open 2017"]
[Site "Helsingor DEN"]
[Date "2017.07.30"]
[Round "10.134"]
[White "Ukkelberg, Oyvind"]
[Black "Christiansen, Torsten Sundgaar"]
[Result "1-0"]
[WhiteElo "1933"]
[BlackElo "1718"]
[WhiteFideId "1507893"]
[BlackFideId "1419714"]
[EventDate "2017.07.22"]

1. Nf3 d5 2. b3 Nf6 3. Bb2 g6 4. e3 Bg7 5. c4 O-O 6. Be2 Nc6 7. O-O dxc4 8. bxc4
Bf5 9. d3 Nb4 10. e4 Bg4 11. Qb3 c5 12. Nbd2 a5 13. h3 a4 14. Qd1 Bd7 15. a3 Nc6
16. e5 Nh5 17. Ne4 h6 18. Qd2 Qc8 19. Rfe1 f6 20. exf6 Nxf6 21. Bf1 Nxe4 22.
dxe4 Bxb2 23. Qxb2 Bxh3 24. Ng5 Qg4 25. Nxh3 1-0

[Event "Xtracon Chess Open 2017"]
[Site "Helsingor DEN"]
[Date "2017.07.30"]
[Round "10.135"]
[White "Nielsen, Jorgen Kamp"]
[Black "Lunde, Sigmund"]
[Result "1/2-1/2"]
[WhiteElo "1751"]
[BlackElo "1932"]
[WhiteFideId "1413279"]
[BlackFideId "1511351"]
[EventDate "2017.07.22"]

1. e4 c5 2. d3 Nc6 3. f4 g6 4. Nf3 d5 5. Be2 dxe4 6. dxe4 Qxd1+ 7. Bxd1 Nf6 8.
e5 Nd5 9. c4 Ndb4 10. O-O Nd3 11. Ba4 Bd7 12. Nc3 Bh6 13. g3 Nxc1 14. Raxc1
O-O-O 15. Kg2 e6 16. a3 a6 17. b3 Bf8 18. Rcd1 Nd4 19. Bxd7+ Rxd7 20. Nxd4 cxd4
21. Na4 Kc7 22. b4 Be7 23. c5 d3 24. Nb2 Rd4 25. Rxd3 Rxd3 26. Nxd3 Rd8 27. Rd1
Kc6 28. a4 b6 29. cxb6 Kxb6 30. b5 axb5 31. axb5 Kxb5 32. Nf2 Rxd1 33. Nxd1 f6
34. Nc3+ Kc4 35. exf6 Bxf6 36. Ne4 Be7 37. Kf3 1/2-1/2

[Event "Xtracon Chess Open 2017"]
[Site "Helsingor DEN"]
[Date "2017.07.30"]
[Round "10.136"]
[White "Alfven, Jorgen"]
[Black "Kirkebaekke, Mark"]
[Result "1-0"]
[WhiteElo "1927"]
[BlackElo "1716"]
[WhiteFideId "1715950"]
[BlackFideId "1414917"]
[EventDate "2017.07.22"]

1. d4 d5 2. Nf3 c5 3. e3 Nf6 4. c3 Nc6 5. dxc5 e5 6. b4 Bg4 7. h3 Bxf3 8. gxf3
a6 9. Bb2 g6 10. Nd2 Bg7 11. Qb3 O-O 12. a4 Nh5 13. O-O-O Kh8 14. Ne4 f5 15. Nd6
Qh4 16. Qxd5 Qxf2 17. Nf7+ Rxf7 18. Qxf7 Qxe3+ 19. Kb1 Qxf3 20. Bc4 e4 21. Qxb7
Rd8 22. Be2 Qxe2 23. Rxd8+ Nxd8 24. Qd7 Qd3+ 25. Qxd3 exd3 26. Re1 Bf6 27. c4
Kg7 28. Re7+ Kh6 29. Rd7 Nc6 30. b5 Na5 31. Bxf6 Nxf6 32. Rxd3 Ne4 33. c6 Nxc4
34. c7 Ncd6 35. b6 f4 36. b7 Nxb7 37. c8=Q Nbc5 38. Rd4 f3 39. Qf8+ 1-0

[Event "Xtracon Chess Open 2017"]
[Site "Helsingor DEN"]
[Date "2017.07.30"]
[Round "10.137"]
[White "Maselli, Daniel"]
[Black "Loveid, Erik"]
[Result "1/2-1/2"]
[WhiteElo "1914"]
[BlackElo "1640"]
[WhiteFideId "2814140"]
[BlackFideId "1520067"]
[EventDate "2017.07.22"]

1. d4 d6 2. Nf3 Bg4 3. Bf4 Nd7 4. Nbd2 c6 5. c3 Ngf6 6. h3 Bxf3 7. Nxf3 g6 8. e3
Bg7 9. Bd3 Qb6 10. Qb3 Nd5 11. Bh2 O-O 12. e4 N5f6 13. e5 dxe5 14. Nxe5 Nxe5 15.
Bxe5 Ne8 16. Bxg7 Nxg7 17. O-O e6 18. Rfe1 Rfd8 19. Rad1 Nh5 20. Be4 Nf6 21. Bf3
Rd7 22. Re5 Rad8 23. Rde1 Nd5 24. g3 Kg7 1/2-1/2

[Event "Xtracon Chess Open 2017"]
[Site "Helsingor DEN"]
[Date "2017.07.30"]
[Round "10.138"]
[White "Verboven, Arnout"]
[Black "Westerlund, Ola"]
[Result "0-1"]
[WhiteElo "1739"]
[BlackElo "1910"]
[WhiteFideId "236012"]
[BlackFideId "1712101"]
[EventDate "2017.07.22"]

1. e4 d5 2. exd5 Qxd5 3. Nc3 Qa5 4. g3 c6 5. Bg2 Nf6 6. d4 Bg4 7. Nf3 e6 8. a3
Bd6 9. h3 Bh5 10. O-O O-O 11. Re1 Nbd7 12. Be3 h6 13. Qd2 Bg6 14. Rad1 Qc7 15.
Qe2 Nd5 16. Bc1 Nxc3 17. bxc3 Qa5 18. Bb2 Rfd8 19. Rc1 Qa4 20. Nd2 Be7 21. Be4
Bxe4 22. Nxe4 Nb6 23. Nd2 c5 24. f4 Bf6 25. Ne4 Be7 26. Nd2 Rd7 27. Nf3 Nc4 28.
Ne5 Nxb2 29. Rb1 Rc7 30. Rxb2 cxd4 31. cxd4 Qxd4+ 0-1

[Event "Xtracon Chess Open 2017"]
[Site "Helsingor DEN"]
[Date "2017.07.30"]
[Round "10.139"]
[White "Bex, Lennert"]
[Black "Henriksen, Morgan"]
[Result "1/2-1/2"]
[WhiteElo "1900"]
[BlackElo "1632"]
[WhiteFideId "232254"]
[BlackFideId "1510495"]
[EventDate "2017.07.22"]

1. c4 b6 2. Nc3 Bb7 3. d4 d6 4. Nf3 Nf6 5. b3 e6 6. Bb2 Be7 7. e3 O-O 8. Qc2
Nbd7 9. Bd3 c6 10. e4 Qc7 11. Ne2 e5 12. Ng3 g6 13. b4 Rfe8 14. O-O Rac8 15. a4
exd4 16. Nxd4 Ne5 17. Be2 a6 18. f4 Ned7 19. Nf3 Bf8 20. Bd3 c5 21. bxc5 Qxc5+
22. Bd4 Qc6 23. Rfe1 b5 24. axb5 axb5 25. Qb2 bxc4 26. Rac1 d5 27. exd5 Rxe1+
28. Nxe1 Qxd5 29. Bb1 Bc5 30. Nf3 Ng4 31. Bxc5 Nxc5 32. Qd4 Nb3 33. Qxd5 Bxd5
34. Rc3 Ra8 35. Nf1 Nf6 36. N3d2 Re8 37. Nxc4 Re1 38. Bd3 Bxc4 39. Bxc4 Na5 40.
Bd3 Ne4 41. Ra3 Nb7 42. Bxe4 Rxe4 43. g3 Re2 44. Rd3 Nc5 45. Rd2 1/2-1/2

[Event "Xtracon Chess Open 2017"]
[Site "Helsingor DEN"]
[Date "2017.07.30"]
[Round "10.140"]
[White "Madison, Sigurd"]
[Black "Rasmussen, Jonas H"]
[Result "0-1"]
[WhiteElo "1736"]
[BlackElo "1885"]
[WhiteFideId "1711806"]
[BlackFideId "1511637"]
[EventDate "2017.07.22"]

1. e4 e5 2. Nf3 Nc6 3. Bb5 Nf6 4. d3 Bc5 5. O-O d6 6. c3 Bd7 7. Bg5 h6 8. Bh4 g5
9. Bg3 a6 10. Ba4 Nh5 11. d4 Nxg3 12. hxg3 exd4 13. cxd4 Bb6 14. d5 Ne5 15. Nxe5
dxe5 16. Bb3 Bb5 17. Re1 Qf6 18. Qd2 h5 19. a4 h4 20. gxh4 Rxh4 21. axb5 Bxf2+
22. Kf1 Be3+ 23. Ke2 Qf2+ 24. Kd3 Bxd2 25. Nxd2 Qxg2 26. bxa6 Rxa6 27. Rxa6 bxa6
28. Bc4 Rh3+ 29. Kc2 Rh2 30. Rd1 Qxe4+ 31. Kb3 Qe3+ 32. Kc2 Qd4 33. b3 e4 0-1

[Event "Xtracon Chess Open 2017"]
[Site "Helsingor DEN"]
[Date "2017.07.30"]
[Round "10.141"]
[White "Nesse, David"]
[Black "Aasen, Kjetil Myrlid"]
[Result "1-0"]
[WhiteElo "1718"]
[BlackElo "1881"]
[WhiteFideId "1519875"]
[BlackFideId "1539027"]
[EventDate "2017.07.22"]

1. e4 e6 2. d4 d5 3. Bd3 Nf6 4. e5 Nfd7 5. c3 c5 6. Nf3 Nc6 7. O-O Qb6 8. Bc2
cxd4 9. cxd4 Be7 10. Nc3 f6 11. Na4 Qc7 12. Bf4 f5 13. Bg5 Nf8 14. Bxe7 Qxe7 15.
Nc5 b6 16. Ba4 Qc7 17. Nd3 Bd7 18. Rc1 Qb7 19. Nf4 Ne7 20. Ng5 h6 21. Ngxe6 Nxe6
22. Nxe6 b5 23. Nc7+ Kf7 24. Nxa8 bxa4 25. Nc7 Rc8 26. e6+ Bxe6 27. Nxe6 Kxe6
28. Rxc8 Nxc8 29. Qxa4 Nd6 30. Re1+ Kf6 31. Qb3 Qc6 32. Qe3 Ne4 33. f3 Ng5 34.
Qe7+ Kg6 35. h4 Nxf3+ 36. gxf3 Qc4 37. Qe6+ Kh5 38. Qxf5+ g5 39. Qg4+ Kg6 40.
Re6+ Kg7 41. Re7+ Kf8 42. Re1 Qb4 43. Qf5+ Kg7 44. Qd7+ Kg6 45. Qe8+ Kf5 46.
Qf7# 1-0

[Event "Xtracon Chess Open 2017"]
[Site "Helsingor DEN"]
[Date "2017.07.30"]
[Round "10.142"]
[White "Myrheim, Hakon Abeland"]
[Black "Petersen, Jan"]
[Result "1-0"]
[WhiteElo "1880"]
[BlackElo "1628"]
[WhiteFideId "1526820"]
[BlackFideId "1426320"]
[EventDate "2017.07.22"]

1. e4 e6 2. d4 d5 3. Nd2 dxe4 4. Nxe4 Nd7 5. g3 Ngf6 6. Nxf6+ Nxf6 7. Bg2 c5 8.
Nf3 cxd4 9. Qxd4 Qxd4 10. Nxd4 a6 11. O-O Bc5 12. Nb3 Bb6 13. c4 O-O 14. Bf4 a5
15. a4 Nd7 16. Bd6 Re8 17. c5 Ba7 18. c6 bxc6 19. Bxc6 Ba6 20. Rfc1 Rac8 21.
Bxd7 Rxc1+ 22. Rxc1 Rd8 23. Bb5 Bxb5 24. axb5 a4 25. Nc5 Rxd6 26. Nb7 1-0

[Event "Xtracon Chess Open 2017"]
[Site "Helsingor DEN"]
[Date "2017.07.30"]
[Round "10.143"]
[White "Olsen, Kim Alex"]
[Black "Nielsen, Aage Sondergaard"]
[Result "1-0"]
[WhiteElo "1706"]
[BlackElo "1861"]
[WhiteFideId "1406663"]
[BlackFideId "1409859"]
[EventDate "2017.07.22"]

1. d4 f5 2. Nc3 Nf6 3. Bf4 d6 4. Nf3 g6 5. g3 Bg7 6. Bg2 Nh5 7. Bg5 h6 8. Be3
O-O 9. Nh4 Kh7 10. Qd3 e5 11. O-O-O Nd7 12. Nxg6 Kxg6 13. g4 Nhf6 14. Qxf5+ Kf7
15. Bd5+ Ke8 16. Qg6+ Ke7 17. Qxg7+ Ke8 18. Qg6+ Ke7 19. Bxh6 exd4 20. Qg7+ Ke8
21. Rxd4 c6 22. Be4 Qb6 23. Bg6+ Kd8 24. Rxd6 Kc7 25. Bf4 Kd8 26. Qxf8+ 1-0

[Event "Xtracon Chess Open 2017"]
[Site "Helsingor DEN"]
[Date "2017.07.30"]
[Round "10.144"]
[White "Kristiansen, Snorre"]
[Black "Larsen, Preben R."]
[Result "1-0"]
[WhiteElo "1699"]
[BlackElo "1860"]
[WhiteFideId "1530011"]
[BlackFideId "1425790"]
[EventDate "2017.07.22"]

1. e4 e5 2. Nf3 Nc6 3. Nc3 Bc5 4. Nxe5 Bxf2+ 5. Kxf2 Nxe5 6. d4 Nc6 7. Kg1 d6 8.
Bc4 h6 9. h3 Nf6 10. Kh2 Qe7 11. Nd5 Qd8 12. Rf1 Nxd5 13. Bxd5 O-O 14. Qf3 Be6
15. Qg3 Kh7 16. Bxc6 bxc6 17. b3 f6 18. Bb2 Qd7 19. e5 f5 20. Ba3 Rfd8 21. Rad1
Rab8 22. c4 Rbc8 23. d5 Bg8 24. e6 Qe7 25. Rxf5 cxd5 26. cxd5 c6 27. dxc6 Qxe6
28. Qd3 Rxc6 29. Rf6+ Kh8 30. Rxe6 Bxe6 31. Qg3 Rc2 32. Rxd6 Rxd6 33. Qxd6 Bf5
34. Qf8+ 1-0

[Event "Xtracon Chess Open 2017"]
[Site "Helsingor DEN"]
[Date "2017.07.30"]
[Round "10.145"]
[White "Sidali, Elias Hulleberg"]
[Black "Stokhaug, Jon Arne"]
[Result "1-0"]
[WhiteElo "1672"]
[BlackElo "1847"]
[WhiteFideId "1530518"]
[BlackFideId "1506781"]
[EventDate "2017.07.22"]

1. e4 c5 2. Nf3 Nc6 3. Bb5 g6 4. Bxc6 dxc6 5. d3 Bg7 6. h3 e5 7. a4 b6 8. a5 Bd7
9. Na3 Ne7 10. Nc4 f6 11. O-O Be6 12. axb6 Bxc4 13. b7 Rb8 14. dxc4 Rxb7 15.
Qxd8+ Kxd8 16. Be3 Kc7 17. Bxc5 Nc8 18. b3 Bf8 19. Bxf8 Rxf8 20. Ne1 Nd6 21. f3
Ra8 22. Nd3 a5 23. Nc5 Rba7 24. Rfd1 Ne8 25. Rd7+ Kb6 26. Na4+ Ka6 27. Rad1 Rxd7
28. Rxd7 Ra7 29. Rd8 Nc7 30. Rd6 Ne8 31. Rxc6+ Kb7 32. Re6 Ra8 33. Re7+ Kc6 34.
Rxh7 Rd8 35. Ra7 Rd2 36. Rxa5 Rxc2 37. Ra6+ Kc7 38. Ra7+ Kc6 39. Re7 Nc7 40. Rf7
Ne8 41. Rf8 Kd7 42. Rf7+ Kc6 43. Kh2 Rc1 44. Kg3 Rb1 45. Nc3 Rxb3 46. Nd5 Kd6
47. c5+ Ke6 48. Re7# 1-0

[Event "Xtracon Chess Open 2017"]
[Site "Helsingor DEN"]
[Date "2017.07.30"]
[Round "10.146"]
[White "Jarve, Edvin"]
[Black "Kvamme, Ingrid Jodre"]
[Result "1/2-1/2"]
[WhiteElo "1843"]
[BlackElo "1512"]
[WhiteFideId "1519824"]
[BlackFideId "1516981"]
[EventDate "2017.07.22"]

1. d4 Nf6 2. Bg5 g6 3. Bxf6 exf6 4. e3 Bg7 5. g3 O-O 6. Bg2 d6 7. Ne2 c5 8. Nbc3
cxd4 9. Nxd4 a6 10. O-O Nd7 11. Nd5 Ne5 12. b3 Rb8 13. Qd2 Be6 14. Nf4 Re8 15.
c4 Qc7 16. Rac1 Qd7 17. Rfd1 Rbd8 18. h3 g5 19. Nfxe6 fxe6 20. Qb4 Re7 21. c5 d5
22. a4 Nc6 23. Nxc6 bxc6 24. Bf1 Ra8 25. Qd2 a5 26. Rb1 Qa7 27. Rdc1 Rb7 28. e4
Rab8 29. exd5 exd5 30. Rc3 Re7 31. Re1 Rbe8 32. Rxe7 Rxe7 33. Rc1 Bf8 34. Bg2
Re5 35. b4 axb4 36. Qxb4 d4 37. Qxd4 Bxc5 38. Qc4+ Kg7 39. Qa2 Rf5 40. Rc2 Qd7
41. Rd2 Qc7 42. Qe6 Kg6 43. Be4 Qxg3+ 44. Kf1 Qxh3+ 45. Ke1 Bb4 46. Qxc6 Kh6 47.
Bxf5 Qxf5 48. Qh1+ Kg6 49. Qc6 Bxd2+ 50. Kxd2 Qxf2+ 51. Kd3 Qg3+ 52. Kd2 Qf2+
53. Kd3 Qg3+ 54. Kd2 Qh2+ 55. Kd3 h5 56. Qe8+ Kg7 57. Qe7+ 1/2-1/2

[Event "Xtracon Chess Open 2017"]
[Site "Helsingor DEN"]
[Date "2017.07.30"]
[Round "10.147"]
[White "Larsen, Hans Haagen"]
[Black "Hansen, Ib Lynaes"]
[Result "1-0"]
[WhiteElo "1627"]
[BlackElo "1839"]
[WhiteFideId "1409557"]
[BlackFideId "1407511"]
[EventDate "2017.07.22"]

1. e4 e6 2. d4 b6 3. Bf4 Bb7 4. Nc3 Bb4 5. Bd3 Nc6 6. Ne2 Nf6 7. O-O O-O 8. Nb5
Ne8 9. a3 Be7 10. d5 Nb8 11. c4 d6 12. Qc2 e5 13. Bg3 Nd7 14. b4 Ndf6 15. f4 Ng4
16. Rf3 exf4 17. Nxf4 Ne5 18. Rf2 Bh4 19. Bxh4 Qxh4 20. g3 Qh6 21. Be2 a5 22.
Raf1 axb4 23. axb4 Bc8 24. Nd4 g6 25. Nfe6 Bxe6 26. Nxe6 fxe6 27. Rxf8+ Qxf8 28.
Rxf8+ Kxf8 29. dxe6 Nf6 30. c5 Nfg4 31. Bxg4 Nxg4 32. Qb2 Ne5 33. cxd6 cxd6 34.
Qc3 Ke7 35. Qc7+ Kxe6 36. Qxh7 Ra4 37. Qg8+ Kd7 38. Qb3 Ra1+ 39. Kg2 Rc1 40. Qd5
Rc2+ 41. Kh3 g5 42. Qb7+ Ke6 43. Qxb6 g4+ 44. Kh4 Rxh2+ 45. Kg5 Rh8 46. Qf2 Rg8+
47. Kh6 Rb8 48. Qa2+ Kf6 49. Qf2+ Nf3 50. Kh5 Rg8 51. Qf1 Rh8+ 52. Kxg4 1-0

[Event "Xtracon Chess Open 2017"]
[Site "Helsingor DEN"]
[Date "2017.07.30"]
[Round "10.149"]
[White "Schmied, Andreas"]
[Black "Vestergaard, Jorn"]
[Result "1-0"]
[WhiteElo "2010"]
[BlackElo "1661"]
[WhiteFideId "4625897"]
[BlackFideId "1419480"]
[EventDate "2017.07.22"]

1. e4 d5 2. exd5 Qxd5 3. Nc3 Qa5 4. Bc4 c6 5. d3 Nf6 6. Bd2 Qc7 7. Qe2 Bf5 8.
Nf3 Nbd7 9. O-O e5 10. d4 O-O-O 11. Nxe5 Nxe5 12. dxe5 Re8 13. Rae1 Bxc2 14. Be3
Rxe5 15. Qxc2 Bd6 16. g3 h5 17. Bd4 Rxe1 18. Rxe1 h4 19. Bxf6 hxg3 20. hxg3 Bxg3
21. Qf5+ 1-0